Statistiche per Quiz Cultura Generale - Quiz n°81

Clicka qui per fare il quiz!

Statistiche generali

  • Questo quiz è stato fatto 60 volte
  • Il punteggio medio è 9 su 15

Statistiche sulle risposte

DomandaRisposta% Corretto
Secondo il detto, cosa vale a carnevale?Scherzo
98%
Quale stato europeo ha avuto ben 18 Re di nome Luigi?Francia
96%
Qual è il participio passato del verbo "prendere"?Preso
89%
Quanti numeri sono presenti nel classico orologio analogico?12
85%
Qual è l'Oceano su cui si affaccia la Namibia?Oceano Atlantico
79%
Quale squadra africana è arrivata in semifinale al Campionato mondiale di calcio del 2022?Marocco
74%
Qual era il titolo riservato al capo di Stato elettivo della Repubblica di Venezia?Doge
64%
Come si chiama la serie televisiva che vede come protagonista Jessica Fletcher?La signora in giallo
64%
Quale nazionale di calcio è l'unica ad aver vinto per 3 volte il Campionato mondiale di calcio?Argentina
57%
Chi ha interpretato Lara Croft nei primi due film dell'omonima saga cinematografica?Angelina Jolie
55%
In quale città francese si trova la famosa reggia dei Borbone di Francia?Versailles
49%
Come si chiama il padrone di Snoopy?Charlie Brown
47%
Chi è il compagno di Don Chisciotte nel celebre romanzo di Miguel de Cervantes?Sancio Panza
36%
Com'è detto il punto di incontro delle bisettrici di un poligono?Incentro
17%
Chi è l'autore della poesia "Già la pioggia è con noi"?Salvatore Quasimodo
2%

Distribuzione punteggi

Percentile per numero di risposta

Percentuale di utenti per punteggio

I tuoi punteggi nel tempo

Non hai fatto questo quiz